000 00846nac a22001931u 4500
008 090226t xxu||||| |||| 00| 0 eng d
010 _a 2002038057
020 _a0071236716
082 0 0 _a621.815
_bNOR
245 1 0 _aDesign of machinery :
_ban introduction to the synthesis and analysis of mechanisms and machines /
_cRobert L. Norton.
250 _a3rd ed.
_bInternational ed.
260 _aBoston :
_bMcGraw-Hill Higher Education,
_cc.2004.
300 _axxi, 858 p. :
_bill. ;
_c24 cm.
_e+ 1 CD-ROM (4 3/4 in.)
500 _adistributer: Baccah
504 _aIncludes bibliographical references and index.
856 4 2 _3Publisher description
_uhttp://www.loc.gov/catdir/enhancements/fy0668/2002038057-d.html
856 4 2 _3Table of contents only
_uhttp://www.loc.gov/catdir/enhancements/fy0668/2002038057-t.html
942 _cTB
_k621.815NOR
_2ddc
999 _c11090
_d11090